| 000 | 00937nmm a2200289 a 4500 | ||
|---|---|---|---|
| 001 | ocm0001864833 | ||
| 003 | TR-IsHL | ||
| 005 | 20201028172013.0 | ||
| 008 | 180418s2017 tu tur | ||
| 007 | cr cn | ||
| 020 | _a9789752475458 | ||
| 035 |
_a1864833 _b(N$T) |
||
| 050 | 0 | 4 |
_aHD60 _b.K87 2017 |
| 090 | 0 | 4 |
_aHD60 _b.K87 2017 |
| 100 | 1 | _aKurt, Simge Ünlü | |
| 245 | 1 | 0 |
_aHalkla ilişkiler perspektifinden sosyal girişimcilik _h[electronic resource] / _cSimge Ünlü Kurt |
| 250 | _aBirinci basım | ||
| 260 |
_aİstanbul : _bEğitim Yayınevi, _c2017 |
||
| 300 | _a161 p. | ||
| 500 |
_aKaynakça var. _x |
||
| 650 | 4 | _aGenel Çalışmalar | |
| 650 | 4 | _aGeneral Works | |
| 650 | 0 | _aSosyal girişimcilik | |
| 650 | 0 | _aSocial entrepreneurship | |
| 650 | 7 |
_aBUSINESS & ECONOMICS / Entrepreneurship _2bisacsh |
|
| 856 | 4 | 0 | _uhttp://search.ebscohost.com/login.aspx?direct=true&scope=site&db=e011xww&AN=1864833 |
| 999 |
_c16985 _d16985 |
||